000 00800nab a2200241 u 4500
001 10128
003 HDC
007 cr bn ---aaaaa
008 210203c9999 |r|nos 0 a eng d
040 _aHDC
110 _aMalaysian Digest
245 0 _aMalaysian Halal Products To Penetrate GCC Market
260 _a[no place] :
_b[publisher not identified],
_c[no year]
336 _atext
_2rdacontent
337 _acomputer
_2rdamedia
338 _aonline resource
_2rdacarrier
650 _aexpand halal export products
_910339
650 _ahalal market
_9582
856 _zRequest full-text at [email protected]
942 _2lcc
942 _cNEWS
942 _kNWSO 000071
999 _c7451
_d7451